000 00981cam a2200241 4500
008 040319n2003 000 0 eng u
020 _a1860816657
035 _a(Sirsi) u125496
041 _aeng
050 _a674.834
_c18
100 _aDinwoodie, J. M.
110 _aBuilding Research Establishment
245 _aWood-based panels
_bplywood
260 _aWatford
_bBRE
_c2003
300 _a8p.
_c30cm.
490 _aBRE Digest
_v477 Part 4
520 _aThis digest provides guidance on the use of plywood which has been manufactured to the European Standard EN 636(2003). It demonstrates how, when the product is used in construction within Europe, mandatory compliance with the Construction Products Directive can be achieved by using the new European Harmonised Standard EN 13986(2002).
650 _aPLYWOOD
690 _aBUILT ENVIRONMENT-BUILDING MATERIALS
700 _aEnjily, V.
710 _aUnited Kingdom
_bDepartment of Trade and Industry
942 _n0
999 _c103415
_d103415